01899 a2200301 4500952010600000952010600106952010600212952010600318952010600424952010600530952010600636952010600742952013600848952013700984952013701121999001501258020001801273050002001291100003301311245009301344250001201437264003601449300001001485500001701495650001501512700003301527942003701560 001040708NFICaCCLbCCLcGENd2020-11-11l0oHQ 778 GON 2009p009423r2020-11-11 00:00:00tc.1yBK 001040708NFICaCCLbCCLcGENd2020-11-11l0oHQ 778 GON 2009p009422r2020-11-11 00:00:00tc.2yBK 001040708NFICaCCLbCCLcGENd2020-11-11l0oHQ 778 GON 2009p009418r2020-11-11 00:00:00tc.3yBK 001040708NFICaCCLbCCLcGENd2020-11-11l0oHQ 778 GON 2009p009428r2020-11-11 00:00:00tc.4yBK 001040708NFICaCCLbCCLcGENd2020-11-11l0oHQ 778 GON 2009p009419r2020-11-11 00:00:00tc.5yBK 001040708NFICaCCLbCCLcGENd2020-11-11l0oHQ 778 GON 2009p009425r2020-11-11 00:00:00tc.6yBK 001040708NFICaCCLbCCLcGENd2020-11-11l0oHQ 778 GON 2009p009421r2020-11-11 00:00:00tc.7yBK 001040708NFICaCCLbCCLcGENd2020-11-12l0oHQ 778 GON 2009p009424r2020-11-12 00:00:00tc.8yBK 001040708NFICaMCLbMCLcGENd2021-05-11ePurchasei009429l0oHQ778. GON 2009p009429r2021-05-11 00:00:00tC.9w2021-05-11yBK 001040708NFICaMCLbMCLcGENd2021-05-11ePurchasei009426l0oHQ778. GON 2009p009426r2021-05-11 00:00:00tC.10w2021-05-11yBK 001040708NFICaMCLbMCLcGENd2021-05-11ePurchasei009427l0oHQ778. GON 2009p009427r2021-05-11 00:00:00tC.11w2021-05-11yBK c2897d2897 a9780077226916 aHQ 778 GON 2009 aGonzalez-Mena, Janeteauthor aThe caregiver's companion : breadings and professional resources /cJanet Gonzalez-Mena a8th ed. aNew York : bMcGraw Hill,c2009 a174p. aincludes bib aChild care aDianne Widmeyer Eyereauthor 2lcccBKe8th ed.h778 iGON kHQ